Inequidad del sistema electoral dominicano : (Record no. 18585)

MARC details
000 -LEADER
campo de control de longitud fija 02694cam a2200301 i 4500
001 - NÚMERO DE CONTROL
campo de control 119698
005 - FECHA Y HORA DE LA ÚLTIMA TRANSACCIÓN
campo de control 20230410102057.0
008 - DATOS DE LONGITUD FIJA--INFORMACIÓN GENERAL
campo de control de longitud fija 150518s2014 dr ad rb 000 0 spa d
020 ## - NÚMERO INTERNACIONAL ESTÁNDAR DEL LIBRO
Número Internacional Estándar del Libro 9789945131703
020 ## - NÚMERO INTERNACIONAL ESTÁNDAR DEL LIBRO
Número Internacional Estándar del Libro 9945131702
041 0# - CÓDIGO DE IDIOMA
Código de lengua del texto/banda sonora o título independiente spa
050 14 - SIGNATURA TOPOGRÁFICA DE LA BIBLIOTECA DEL CONGRESO
Número de clasificación 118 JL 1138
Número de ítem G643i 2014
100 1# - ENTRADA PRINCIPAL--NOMBRE DE PERSONA
Nombre de persona González Rodríguez, Orlando
245 10 - MENCIÓN DEL TÍTULO
Título Inequidad del sistema electoral dominicano :
Resto del título análisis de las elecciones del 2010 y perspectivas /
Mención de responsabilidad, etc. Orlando González.
260 ## - PUBLICACIÓN, DISTRIBUCIÓN, ETC.
Lugar de publicación, distribución, etc. Santo Domingo :
Nombre del editor, distribuidor, etc. Escuela Multitemática,
Fecha de publicación, distribución, etc. 2014
300 ## - DESCRIPCIÓN FÍSICA
Extensión 112 p. :
Otras características físicas ill. ;
Dimensiones 22 cm.
440 #0 - MENCIÓN DE SERIE/PUNTO DE ACCESO ADICIONAL--TÍTULO
Título Ediciones Escuela Multitemática (EMT),
Designación de volumen o secuencia 3
504 ## - NOTA DE BIBLIOGRAFÍA, ETC.
Nota de bibliografía, etc. Incluye referencias bibliográficas.
505 0# - NOTA DE CONTENIDO CON FORMATO
Nota de contenido con formato Sistema electoral -- Sistema electoral Dominicano -- Componentes del sistema electoral dominicano que influyeron en los resultados de las elecciones congresuales del 2010.
520 ## - RESUMEN, ETC.
Sumario, etc. "La presente investigación tiene por objetivo evidenciar la influencia del sistema electoral dominicano a favor de los partidos de mayor sufragio, en la votación y la representación resultantes de las elecciones del afio 2010. Este trabajo analiza de manera descriptiva algunos aspectos del sistema y del derecho electoral. Al respecto se estudia también la forma de aplicación de las normas y sistema electoral y cómo favorecen a los partidos de mayor votación, en detrimento de otros partidos quet aunque con menos votación, expresan un segmento importante de la ciudadania, además de sectores sociales distintos. La metodologia que se implementó fue de carácter descriptivo, se utilizó la técnica documental, en esta técnica se realizaron las consultas de libros, resultados electorales, articulos cientificos, leyes y otras fuentes de la misma indole, que permitió el análisis de aspectos de la normativa y del sistema electoral dominicano tales como: las magnitudes de las circunscripciones electorales, la utilización del Método D'Hondt para la distribución de los escaños, el diputado nacional y la forma en que se aplica. Se pudo constatar que estos elementos incidieron de manera determinantes para que en las elecciones congresuales y municipales del afio 2010, en el nivel congresual se registrara una desproporción de un 5% entre los votos obtenidos, y los puestos alcanzados, a favor del partido que logró la mayor votación, lo que en términos concretos se expresa en una sobrerrepresentación."
650 #0 - PUNTO DE ACCESO ADICIONAL DE MATERIA--TÉRMINO DE MATERIA
Término de materia o nombre geográfico como elemento de entrada Elections
Subdivisión geográfica Dominican Republic.
650 #4 - PUNTO DE ACCESO ADICIONAL DE MATERIA--TÉRMINO DE MATERIA
Término de materia o nombre geográfico como elemento de entrada Elecciones
Subdivisión geográfica República Dominicana
650 #4 - PUNTO DE ACCESO ADICIONAL DE MATERIA--TÉRMINO DE MATERIA
Término de materia o nombre geográfico como elemento de entrada Elecciones, 2010
Subdivisión geográfica República Dominicana
651 #4 - PUNTO DE ACCESO ADICIONAL DE MATERIA--NOMBRE GEOGRÁFICO
Nombre geográfico República Dominicana
Subdivisión general Política y gobierno.
650 #4 - PUNTO DE ACCESO ADICIONAL DE MATERIA--TÉRMINO DE MATERIA
Término de materia o nombre geográfico como elemento de entrada 20150700
942 ## - ELEMENTOS DE ENTRADA SECUNDARIOS (KOHA)
Fuente del sistema de clasificación o colocación Clasificación de Library of Congress
Tipo de ítem Koha
946 ## - PROCESAMIENTO DE INFORMACIÓN LOCAL (OCLC)
a JaaM
Holdings
Estatus retirado Estado de pérdida Fuente del sistema de clasificación o colocación Estado de daño No para préstamo Colección Biblioteca de origen Biblioteca actual Ubicación en estantería Fecha de adquisición Serial enumeration / chronology Signatura topográfica completa Código de barras Visto por última vez Copia número Tipo de ítem Koha
    Clasificación de Library of Congress     Recursos Regionales Biblioteca Juan Bosch Biblioteca Juan Bosch Recursos Regionales (2do. Piso) 10/04/2023 1 118 JL 1138 G643i 2014 00000113001 23/10/2018 1